Le Niger pour les touristes... - Facile - Statistiques

Statistiques générales
  • Ce quiz a été pris 3 fois
  • Le résultat moyen est 9 sur 20
Statistiques - réponses
Question Indice Réponses Indice facile % Correct
Quelle est la langue officielle ? Français
100%
Dans la capitale quel est le décalage horaire avec Paris ? (+ ou - et chiffre) ex - 10 ou + 3,5 - 1
67%
Achats à faire 1/ Croix du Désert ETDSER
67%
Quel pays a accordé son indépendance à celui-ci ? France
67%
Quelles sont les principaux lieux touristiques ? N Grande mosquée de {Niamey} MAENIY
67%
La religion majoritaire est Islam I
67%
Quelles sont les principaux lieux touristiques ? A Mosquée d'{Agadez} GDEZAA
67%
Le principal aéroport est N Niamey
67%
Ce pays est plus grand que la France (oui/non) Oui
67%
Quelles sont les principaux lieux touristiques ? A {Air} Mountains RIA
33%
Quelles sont les principaux lieux touristiques ? S Désert du {Sahara} AAHSAR
33%
Quelles sont les principaux lieux touristiques ? T Désert du {Ténéré} NETREE
33%
Quelle est la monnaie ? Franc CFA F
33%
Quelles sont les principaux lieux touristiques ? Z Grande mosquée de {Zinder} DZEINR
33%
Achats à faire 2/ Instrument de musique Kora RAOK
33%
Quel est le climat local ? S Subtropical
33%
Quel est le régime du pays ? DM Dictature militaire
0%
Le suffixe internet est ne
0%
Quelles sont les principaux lieux touristiques ? K G Réserve de {Koure giraffe} FEIAUROGFKRE
0%
Code sur les plaques minéralogiques RN
0%
Aucun quiz correspondant
Distribution des résultats
% des personnes avec chaque résultat
Percentile par nombre de réponses
Votre historique - résultats
Vous n’avez pas pris ce quiz